GENERAL ENGLISH-II (Record no. 196469)

MARC details
000 -LEADER
fixed length control field 00545nam a22001817a 4500
005 - DATE AND TIME OF LATEST TRANSACTION
control field 20230627145830.0
010 ## - LCCN (DPL NO)
LC control number ENG-137153
020 ## - INTERNATIONAL STANDARD BOOK NUMBER
International Standard Book Number 9789395820028
Terms of availability 424.00
035 ## - SYSTEM CONTROL NUMBER
System control number EN-120685
037 ## - SOURCE OF ACQUISITION
Source of stock number/acquisition DBAD/PUB
082 ## - DEWEY DECIMAL CLASSIFICATION NUMBER
Classification number 000
100 ## - MAIN ENTRY--PERSONAL NAME
Personal name Chalapathy, S.V.
245 ## - TITLE STATEMENT
Title GENERAL ENGLISH-II
Statement of responsibility, etc by S.V. CHALAPATHY
260 ## - PUBLICATION, DISTRIBUTION, ETC. (IMPRINT)
Place of publication, distribution, etc Hyderabad
Name of publisher, distributor, etc Surneni mohan naidu for spectrum educational books
Date of publication, distribution, etc 2015
270 ## - ADDRESS
Address Near B K Guda Park, S R nagar
City hyderabad
Postal code 500038
300 ## - PHYSICAL DESCRIPTION
Extent 256
Dimensions 24cm(pbk)
942 ## - ADDED ENTRY ELEMENTS (KOHA)
Source of classification or shelving scheme Dewey Decimal Classification
Item type English Books
Call number suffix CHA
Classification part 000

No items available.


© Delhi Public Library
Hit Counter
free hit counter